| 000 | 00508ngm a2200217 4500 | ||
|---|---|---|---|
| 005 | 20170316175937.0 | ||
| 006 | a|||||r|||| 00| | | ||
| 008 | 160218b xxu||||| |||| 00| 0 spa d | ||
| 041 | _aspa | ||
| 082 | _a152 DVD | ||
| 245 | _aDescubriendo Belice | ||
| 260 |
_bMertec _aCosta Rica |
||
| 260 | _c1998 | ||
| 300 | _a50 minutos | ||
| 650 |
_aBELICE _918316 |
||
| 650 |
_aGEOGRAFÍA _91138 |
||
| 650 |
_aBIODIVERSIDAD _91061 |
||
| 650 |
_aHISTORIA _943 |
||
| 650 |
_aCULTURA _91093 |
||
| 942 | _cDVD | ||
| 999 |
_c9059 _d9059 |
||